01147nam a22003017a 4500003001100000005001700011008004100028020001400069040003900083041000800122082001600130242002600146245007600172260003900248300006200287650002900349650003600378700002300414700002800437700002500465700001900490700004100509942000700550952009100557952009100648952009100739999001500830LK-CoMWRAF20231020093946.0231016b2007 |||||||| |||| 00| 0 eng d a972591001 aLK-CoMWRAFdLK-CoMWRAFeLK-CoMWRAF aeng a297.27bDAW aDawrah fiqh perempuan aDawrah fiqh concerning women: bmanual for a course on Islam and gender aCirebon:bFahmina Institute,c2007 axvi, 301 p. ill. ; 27 cmbBibliography and index included aWOMEN IN ISLAM-Indonesia aWomen -Religious aspects -Islam a Muhammad, Husein  aKodir, Faqihuddin Abdul aNatsir, Lies Marcoes aWahid, Marzuki aNugroho-Heins, Marlene Indroetrans. cBK 00104070aMAINbMAINd2023-10-16l0o297.27 DAWpRAF1759r2023-10-16w2023-10-16yBK 00104070aMAINbMAINd2023-10-16l0o297.27 DAWpRAF1760r2023-10-16w2023-10-16yBK 00104070aMAINbMAINd2023-10-16l0o297.27 DAWpRAF1761r2023-10-16w2023-10-16yBK c3886d3886